|
|
|
|
| LEADER |
00765nam a2200241 a 4500 |
| 001 |
000017180 |
| 003 |
CZ BrMZK |
| 005 |
20211210080003.0 |
| 007 |
ta |
| 008 |
950201s1994 xr f cze d |
| 015 |
|
|
|a cnb000092670
|
| 020 |
|
|
|a 80-901830-0-X
|
| 040 |
|
|
|a BOA001
|b cze
|
| 080 |
|
|
|a 885.0-94
|2 MRF
|
| 100 |
1 |
|
|a Bouz, Jan,
|d 1909-
|7 jn20000728065
|4 aut
|
| 245 |
1 |
0 |
|a Vzpomínky malého uprchlíka /
|c Jan Bouz ; K vyd. připr. Pavla Šulcová
|
| 260 |
|
|
|a Praha :
|b Sonus,
|c 1994
|
| 300 |
|
|
|a 166 s., čb. a barev. fotogr. na příl.
|
| 700 |
1 |
|
|a Šulcová, Pavla,
|c editorka
|4 edt
|
| 910 |
|
|
|a BOA001
|b 2-1006.312
|
| 962 |
|
|
|a 885.0-94
|
| 990 |
|
|
|a BK
|
| 996 |
6 |
|
|b 2610017806
|c 2-1006.312
|l MZK
|r Sklad / do 1 hodiny
|n 4
|p p.v.
|w 000017180
|u 000010
|a 1
|e BOA001
|j MZK50
|s P
|